Sonic Transformations - Statistics

General Stats
  • This quiz has been taken 130 times
    102 since last reset
  • The average score is 13 of 39
Answer Stats
User Answer % Correct
Sonic Super Sonic
98%
Sonic Hyper Sonic
86%
Shadow Super Shadow
76%
Silver Super Silver
73%
Sonic Dark Sonic
66%
Sonic Darkspine Sonic
66%
Caliburn Excalibur
64%
Metal Sonic Neo Metal Sonic
58%
Sonic Werehog
58%
Blaze Burning Blaze
53%
Metal Sonic Metal Overlord
47%
Chaos Perfect Chaos
47%
Sonic Super Sonic 2/Super Sonic Beyond
47%
Metal Sonic Super Neo Metal Sonic
41%
Sonic Excalibur Sonic
39%
Black Doom Devil Doom
37%
Biolizard Finalhazard
31%
Metal Sonic Metal Madness
31%
Black Doom Neo Devil Doom
29%
Trip Dragon Form/Super Trip
25%
Sonic Prismatic Sonic/Shatter Sonic/Prism Sonic
25%
Eggman Super Eggman/Light-man Eggman
25%
Mecha Sonic Mark II. Super Mecha Sonic Mark II.
22%
Dark Gaia Perfect Dark Gaia
20%
Shadow Dark Shadow
19%
Silver ESP Silver
19%
Metal Sonic Metal Sonic Kai
19%
Shadow Hero Shadow
14%
Mother Wisp Nega-Mother Wisp
14%
Merlina Dark Queen
12%
Zavok Giant Zavok
12%
Chip Gaia Colossus
10%
Erazor Djinn Alf Layla wa-Layla
8%
Eggman Nightmare Eggman
8%
Gemerl Ultimate Gemerl
8%
Hard Boiled Heavies Phantom Heavies
7%
Sonic Super Sonic Cyber
7%
Mephiles Monstrous Form
5%
Metal Sonic Giga Metal Sonic
3%
No matching quizzes found
Score Distribution
Percent of People with Each Score
Percentile by Number Answered
Your Score History
You have not taken this quiz since the last reset